00360 a2200109 4500082001500000100002800015245002700043260008300070300003100153650003900184710002700223 a708bP393c aPeluffo Linari, Gabriel aComo el Uruguay no hay aMontevideo, UruguaybMuseo Municipal de Bellas Artes Juan Manuel Blanes c2000 a109 pbil (a color)c23 cm aArte modernovExhibicin̤zUruguay aGabriel Peluffo Linari